000 00467nmm a2200157Ia 4500
008 251105s9999||||xx |||||||||||||||||und||
020 _a9789562845922
041 _aspa
100 _aPeña Muñoz, Manuel
245 0 _aChile : Memorial de la tierra larga
264 _a[Santiago de Chile, Chile] :
_bRil editores,
_c2007
300 _a398 páginas
650 _aLatin American literature
856 _uhttps://public.digitaliapublishing.com/a/29719
942 _cCF
999 _c94409
_d94409